000 00791cam a2200229 4500
001 J119061
008 020213n2002 000 0 eng u
035 _a(Sirsi) u119061
110 _aRoyal Institution of Chartered Surveyors
_94900
245 _aRICS Awards 2001
260 _aLondon
_bRICS
_c2002
350 _a36p.
_bill.
_c21 x 30cm.
520 _aBooklet profiling the winners of the 2001 RICS awards including the 'Building of the year', the Wessex Water Operations Centre near Bath, and the 'Peoples choice', San Francisco's Pier One.
650 _aABOUT RICS-AWARDS
650 _aBUILT ENVIRONMENT
650 _aNATURAL ENVIRONMENT
650 _aREGENERATION
650 _aCONSERVATION
650 _aENERGY EFFICIENCY IN BUILDINGS
690 _aRICS NEWS
942 _n0
999 _c102242
_d102242